000 00579nam a2200181Ia 4500
003 IN-BaIIA
008 211028s9999 xx 000 0 eng d
040 _cIIA Library
080 _a083.7:621.314.222.6
_bISI
110 _aIndian Standards Institution
245 0 _aIndian Standard Specification for Power Transformers
_cIndian Standards Institution
260 _aNew Delhi
_bIndian Standards Institution
_c1977
300 _a28p.
650 _aNASA Thesaurus
650 _aPower Transformers
_915181
650 _aStandards
_98876
942 _cBK
999 _c9026
_d9026